Statistics for Most Streamed Dua Lipa Songs

Click here to take the quiz!

General Stats

  • This quiz has been taken 40 times
  • The average score is 6 of 10

Answer Stats

#StreamsAnswer% Correct
41.99BLevitating
97%
32.03BNew Rules
82%
8924MPhysical
70%
12.50BDon't Start Now
67%
61.54BIDGAF
67%
22.06BOne Kiss
67%
71.15BBreak My Heart
58%
10717MDance The Night
55%
51.87BCold Heart
36%
9808MUN DIA
9%

Score Distribution

Percentile by Number Answered

Percent of People with Each Score

Your Score History

You have not taken this quiz